Click the American Country Code - Statistics

General Stats
  • This quiz has been taken 447 times
  • The average score is 29 of 35
Answer Stats
Hint Answer % Correct
Canada CA
90%
Honduras HN
90%
Mexico MX
90%
Nicaragua NI
90%
United States US
90%
Bolivia BO
89%
Cuba CU
89%
Ecuador EC
89%
Grenada GD
89%
Guyana GY
89%
Haiti HT
89%
Panama PA
89%
Peru PE
89%
Suriname SR
89%
Trinidad and Tobago TT
89%
Uruguay UY
89%
Belize BZ
88%
Chile CL
88%
Guatemala GT
88%
Jamaica JM
88%
Colombia CO
86%
Venezuela VE
86%
Antigua and Barbuda AG
84%
Bahamas BS
83%
Costa Rica CR
83%
Brazil BR
82%
Argentina AR
81%
Saint Lucia LC
80%
Barbados BB
79%
El Salvador SV
77%
Paraguay PY
76%
Dominican Republic DO
69%
Saint Kitts and Nevis KN
69%
Dominica DM
65%
Saint Vincent and the Grenadines VC
46%
No matching quizzes found
Score Distribution
Percent of People with Each Score
Percentile by Number Answered
Your Score History
You have not taken this quiz